000 00452nam a2200145 4500
008 151009b xxu||||| |||| 00| 0 eng d
020 _a0892967269
050 _aSPE PR 6056 .R456F74 2002
100 _aFrench, Nicci.
_d2002
245 _aBeneath the skin:
_cNicci French.
260 _aUSA:
_bTime Warner,
_c2002.
300 _a378 p.
650 _aEnglish fiction.
942 _2lcc
_cSH_L_BOOKS
_hSPE PR 6056 .R456F74 2002
999 _c8060
_d8060